000 00634nam a2200205 a 4500
001 15947
003 CO-ViMGA
008 141112s2004 ck r 000 u spa d
020 _a9177034
040 _aCO-ViMGA
_bspa
_cCO-ViMGA
082 0 4 _a306.08 A573k
100 1 _aAntei, Giorgio
_915097
245 1 0 _aKolumbien :
_bPresencias Alemanas en Colombia
260 _aBogotá,
_cBiblioteca Nacional,
_c1998
300 _a119.p.
590 _aForma de adquisición : Donación Biblioteca Nacional 2003 - - Precio :
_10.000
650 1 4 _aALEMANIA - AGENDAS CULTURALES
_922896
650 1 4 _aALEMANIA - HISTORIA
_914465
942 _2ddc
_cBK
999 _c25944
_d25944